| 000 | 00510nam a22002057a 4500 | ||
|---|---|---|---|
| 003 | Ost | ||
| 005 | 20260226081648.0 | ||
| 008 | 260226b |||||||| |||| 00| 0 eng d | ||
| 020 | _a9781032258058 | ||
| 040 | _cBT-PhCST | ||
| 050 | _a25654 | ||
| 082 |
_222 _a658.23 _bHER |
||
| 100 | _aHeragu, Sunderesh S. | ||
| 245 | _aFacilities design / | ||
| 250 | _a5th ed. | ||
| 260 |
_aNew York : _bCRC Press, _cc2022 |
||
| 300 |
_axxii, 703 p. : _bill. ; _c24 cm. |
||
| 500 | _aIncludes Index. | ||
| 942 |
_2ddc _cMEC |
||
| 999 |
_c10157 _d10157 |
||